[Event "4NCL Rapid Indiv 2014"]
[Site "Daventry ENG"]
[Date "2014.10.05"]
[Round "3.5"]
[White "Roberson, Peter T"]
[Black "Flear, Christine"]
[Result "1-0"]
[WhiteTitle "IM"]
[BlackTitle "WIM"]
[WhiteElo "2415"]
[BlackElo "2181"]
[WhiteFideId "412384"]
[BlackFideId "602604"]
[EventDate "2014.10.05"]

1. e4 c5 2. Nc3 a6 3. g3 Nc6 4. Bg2 g6 5. f4 d6 6. Nf3 Bg7 7. O-O Nf6 8. d3 O-O
9. h3 Bd7 10. g4 Nd4 11. Ne2 Nxg4 12. hxg4 Bxg4 13. c3 Nxe2+ 14. Qxe2 Rc8 15.
Qf2 Bxf3 16. Bxf3 b5 17. Be3 b4 18. cxb4 cxb4 19. Rac1 Qa5 20. b3 Bc3 21. d4 Qb5
22. Qe2 Qb6 23. Rcd1 a5 24. Bg4 Rc7 25. f5 Qb7 26. Bh6 Re8 27. fxg6 hxg6 28. Qf3 1-0

[Event "4NCL Rapid Indiv 2014"]
[Site "Daventry ENG"]
[Date "2014.10.05"]
[Round "3.6"]
[White "Stewart, Joseph J"]
[Black "Josse, Mark"]
[Result "1-0"]
[WhiteElo "2200"]
[BlackElo "2174"]
[WhiteFideId "412333"]
[BlackFideId "414476"]
[EventDate "2014.10.05"]

1. e4 d5 2. exd5 Qxd5 3. Nf3 Bg4 4. Be2 Nc6 5. c4 Qf5 6. d4 O-O-O 7. Be3 Qa5+ 8.
Qd2 Bxf3 9. Qxa5 Nxa5 10. gxf3 e6 11. Nd2 Nc6 12. Nb3 Bb4+ 13. Kd1 Nxd4 14. Nxd4
e5 15. Kc2 exd4 16. Bg5 f6 17. Bf4 Bd6 18. Bd2 c5 19. h4 g6 20. f4 Ne7 21. h5 f5
22. Rag1 Rde8 23. Bd3 Kd7 24. Rg2 Ke6 25. a3 Kf7 26. b4 b6 27. Rgg1 cxb4 28.
axb4 Nc6 29. Kb3 a5 30. c5 bxc5 31. bxa5 Ra8 32. hxg6+ hxg6 33. Rxh8 Rxh8 34.
Kc4 Ne7 35. a6 Ra8 36. Ra1 Ra7 37. Kb5 Nd5 38. Bc4 Bxf4 39. Bxd5+ Kf6 40. Bxf4
g5 41. Bb8 1-0

[Event "4NCL Rapid Indiv 2014"]
[Site "Daventry ENG"]
[Date "2014.10.05"]
[Round "3.7"]
[White "Poobalasingam, Peter S"]
[Black "Haria, Ravi"]
[Result "0-1"]
[WhiteTitle "FM"]
[WhiteElo "2239"]
[BlackElo "2239"]
[WhiteFideId "410683"]
[BlackFideId "415820"]
[EventDate "2014.10.05"]

1. e4 e6 2. d3 d5 3. Nd2 Nf6 4. Ngf3 b6 5. c3 Bb7 6. Qc2 Nc6 7. Be2 Qd7 8. e5
Ng8 9. d4 f6 10. Bd3 O-O-O 11. b4 fxe5 12. b5 Na5 13. Nxe5 Qe8 14. Bxh7 Rxh7 15.
Qxh7 Nf6 16. Qd3 Nc4 17. Ndxc4 dxc4 18. Qxc4 Bxg2 19. Rg1 Bd5 20. Qa4 a5 21. Bf4
Ne4 22. Rc1 g5 23. Bxg5 Nxg5 24. Rxg5 Bh6 25. h4 Bxg5 26. hxg5 Qh5 27. c4 Qxg5
28. Qa3 Bb7 29. Qe3 Qh4 30. c5 Rxd4 31. Ng6 Qh1+ 32. Ke2 Bf3+ 0-1

[Event "4NCL Rapid Indiv 2014"]
[Site "Daventry ENG"]
[Date "2014.10.05"]
[Round "3.8"]
[White "Wadsworth, Matthew J"]
[Black "Rendle, Thomas E"]
[Result "0-1"]
[BlackTitle "IM"]
[WhiteElo "2135"]
[BlackElo "2383"]
[WhiteFideId "415804"]
[BlackFideId "408760"]
[EventDate "2014.10.05"]

1. e4 e6 2. d4 d5 3. Nd2 Nc6 4. Ngf3 Nf6 5. e5 Nd7 6. Be2 Be7 7. Nf1 O-O 8. Ng3
f6 9. exf6 Bxf6 10. O-O e5 11. dxe5 Ndxe5 12. Nxe5 Nxe5 13. Be3 Qd6 14. Qd2 Bg4
15. Bxg4 Nxg4 16. Bd4 Bxd4 17. Qxd4 Rf4 18. Qd2 Raf8 19. f3 Qc5+ 20. Kh1 Nxh2
21. Qf2 Qxf2 22. Rxf2 Ng4 23. Rd2 Nf6 24. Re1 Kf7 25. Ne2 Re8 26. Red1 Rh4+ 27.
Kg1 c5 28. g3 Ra4 29. Nc3 Rb4 30. Nxd5 Rxb2 31. Nc3 Re3 32. Na4 Rxa2 33. Nxc5
Rxf3 34. Nxb7 Rxg3+ 35. Kh2 Raa3 36. Nd6+ Kg6 37. Rg1 Rxg1 38. Kxg1 h5 39. c4
Ra5 40. Nb7 Rg5+ 41. Kf1 Ne4 42. Ra2 h4 43. Ra3 Nd2+ 44. Ke2 Nxc4 45. Ra4 Rg2+ 0-1

[Event "4NCL Rapid Indiv 2014"]
[Site "Daventry ENG"]
[Date "2014.10.05"]
[Round "3.9"]
[White "Burrows, Martin P"]
[Black "Girdlestone, Paul C"]
[Result "0-1"]
[WhiteElo "2130"]
[BlackElo "2128"]
[WhiteFideId "409057"]
[BlackFideId "408840"]
[EventDate "2014.10.05"]

1. e4 e5 2. Nf3 Nc6 3. Bb5 g6 4. c3 a6 5. Ba4 Bg7 6. d4 Nge7 7. O-O d6 8. Re1
O-O 9. Be3 exd4 10. cxd4 Bg4 11. Nc3 Bxf3 12. gxf3 d5 13. Bxc6 bxc6 14. Na4 f5
15. Bg5 fxe4 16. fxe4 h6 17. Bh4 Rf4 18. Bxe7 Qxe7 19. e5 Qh4 20. Qe2 Raf8 21.
f3 Rxf3 22. Rf1 Qg4+ 23. Qg2 Qxd4+ 24. Kh1 Rxf1+ 25. Rxf1 Rxf1+ 26. Qxf1 Qxa4 0-1

[Event "4NCL Rapid Indiv 2014"]
[Site "Daventry ENG"]
[Date "2014.10.05"]
[Round "3.10"]
[White "Hall, John"]
[Black "Jones, William E G"]
[Result "1-0"]
[WhiteTitle "FM"]
[WhiteElo "2264"]
[BlackElo "2124"]
[WhiteFideId "401102"]
[BlackFideId "470554"]
[EventDate "2014.10.05"]

1. e4 c5 2. Nf3 d6 3. d4 cxd4 4. Nxd4 Nf6 5. Nc3 a6 6. Bg5 e6 7. f4 Qb6 8. Qd2
Qxb2 9. Rb1 Qa3 10. Be2 Nbd7 11. O-O Qc5 12. Kh1 Be7 13. f5 e5 14. Ne6 fxe6 15.
fxe6 Nb6 16. Bxf6 gxf6 17. Rxb6 Qxb6 18. Nd5 Qc5 19. Bh5+ Kd8 20. Bf7 h5 21. Qd3
b5 22. Qg3 Bb7 23. Nxe7 Kc7 24. Nd5+ Bxd5 25. exd5 Qxd5 26. Qg7 Kb6 27. e7 Qc5
28. Qxf6 h4 29. h3 Qxc2 30. Qxd6+ Qc6 31. Qxe5 Rae8 32. Rf6 1-0

[Event "4NCL Rapid Indiv 2014"]
[Site "Daventry ENG"]
[Date "2014.10.05"]
[Round "3.11"]
[White "Bhatia, Kanwal K"]
[Black "Bourne, Iain"]
[Result "1-0"]
[WhiteTitle "WFM"]
[WhiteElo "2036"]
[BlackElo "1918"]
[WhiteFideId "407496"]
[BlackFideId "428086"]
[EventDate "2014.10.05"]

1. e4 c5 2. c3 g6 3. d4 cxd4 4. cxd4 d5 5. e5 Bg7 6. Nc3 Nc6 7. h3 f6 8. f4 fxe5
9. fxe5 e6 10. Nf3 Nge7 11. g4 O-O 12. Bg2 b6 13. Bg5 Ba6 14. a3 Rc8 15. h4 h6
16. Be3 Na5 17. Rc1 Nc4 18. Qe2 Nxe5 19. Qxa6 Nxf3+ 20. Bxf3 Rxf3 21. Qe2 Qf8
22. Rd1 Qf6 23. g5 Qf5 24. gxh6 Bf6 25. Kd2 Kh7 26. Rdf1 Rxf1 27. Rxf1 Qh3 28.
Rxf6 Nf5 29. Rxe6 Ng3 30. Re7+ Kh8 31. Qf2 Nf5 32. Re5 Rf8 33. Bf4 Rf7 34. Nxd5
Qg4 35. Re8+ Kh7 36. Be5 Nxh4 37. Rh8# 1-0

[Event "4NCL Rapid Indiv 2014"]
[Site "Daventry ENG"]
[Date "2014.10.05"]
[Round "3.12"]
[White "Taylor, Mark V"]
[Black "Turner, Matthew J"]
[Result "0-1"]
[BlackTitle "GM"]
[WhiteElo "2061"]
[BlackElo "2482"]
[WhiteFideId "409243"]
[BlackFideId "402893"]
[EventDate "2014.10.05"]

1. d4 Nf6 2. c4 g6 3. Nc3 Bg7 4. e4 d6 5. Nf3 O-O 6. h3 c6 7. Be2 e5 8. d5 cxd5
9. cxd5 Na6 10. Bg5 Qb6 11. Rb1 Bd7 12. O-O Nc5 13. Nd2 Rfc8 14. Be3 Qd8 15. b4
Na6 16. Qb3 Qf8 17. Nc4 b6 18. Nxe5 dxe5 19. Bxa6 Rc7 20. Rfc1 Ne8 21. Rc2 Nd6
22. Rbc1 Bh6 23. Ne2 Rxc2 24. Qxc2 Bxe3 25. fxe3 Qh6 26. Qd3 f5 27. Rc7 Rd8 28.
Nc3 Qh4 29. exf5 Bxf5 30. Qd2 Rf8 31. a3 Bxh3 32. Rxa7 Bxg2 33. Kxg2 Qg4+ 34.
Kh2 Rf3 35. Qg2 Qh4+ 36. Kg1 Rg3 0-1

[Event "4NCL Rapid Indiv 2014"]
[Site "Daventry ENG"]
[Date "2014.10.05"]
[Round "4.1"]
[White "Ghasi, Ameet K"]
[Black "Pritchett, Craig W"]
[Result "1/2-1/2"]
[WhiteTitle "IM"]
[BlackTitle "IM"]
[WhiteElo "2475"]
[BlackElo "2315"]
[WhiteFideId "409200"]
[BlackFideId "2400065"]
[EventDate "2014.10.05"]

1. Nf3 Nf6 2. g3 b6 3. Bg2 Bb7 4. d3 d5 5. O-O g6 6. Nbd2 Bg7 7. e4 dxe4 8. dxe4
e6 9. Qe2 Nc6 10. e5 Nd7 11. Ne4 h6 12. Rd1 Qe7 13. Bf4 O-O-O 14. Rxd7 Rxd7 15.
h4 Rhd8 16. c3 Rd5 17. Nf6 Bxf6 18. exf6 Qxf6 19. Bxh6 Qf5 20. Bg5 f6 21. Be3
Qd3 22. Qe1 Qd1 23. Nd4 Qxe1+ 24. Rxe1 Nxd4 25. Bxd5 Bxd5 26. cxd4 Bxa2 27. Ra1
Bd5 28. Rxa7 Kb8 29. Ra1 Rh8 30. f4 f5 31. Kf2 Kb7 32. Ke2 Ra8 1/2-1/2

[Event "4NCL Rapid Indiv 2014"]
[Site "Daventry ENG"]
[Date "2014.10.05"]
[Round "4.2"]
[White "Roberson, Peter T"]
[Black "Smerdon, David"]
[Result "0-1"]
[WhiteTitle "IM"]
[BlackTitle "GM"]
[WhiteElo "2415"]
[BlackElo "2506"]
[WhiteFideId "412384"]
[BlackFideId "3202305"]
[EventDate "2014.10.05"]

1. e4 d5 2. exd5 Nf6 3. d4 Bg4 4. Nf3 Qxd5 5. Be2 Nc6 6. h3 Bxf3 7. Bxf3 Qd7 8.
c3 e5 9. d5 Ne7 10. c4 e4 11. Be2 Nf5 12. Nc3 Bc5 13. g4 Nd6 14. Be3 Bxe3 15.
fxe3 c5 16. g5 Ng8 17. Bg4 Qe7 18. Qa4+ Kf8 19. h4 h6 20. g6 h5 21. gxf7 hxg4
22. fxg8=Q+ Kxg8 23. O-O-O Rxh4 24. Rxh4 Qxh4 25. Qd7 Qh6 26. Qxg4 Nxc4 27. Qxe4
Qxe3+ 28. Qxe3 Nxe3 29. Rd3 Nf5 30. d6 Rd8 31. Rd5 Nxd6 32. Ne4 Nf7 33. Rxc5 Re8
34. Ng3 Nd6 35. b4 Rc8 36. Kd2 Rxc5 37. bxc5 Nc8 38. Kd3 Kf7 39. Ke4 Ke6 40. Nf5
g5 41. Nd4+ Kf6 42. c6 b6 43. Kd5 g4 44. c7 g3 45. Kc6 g2 46. Nf3 Ke6 47. Kb7
Kd7 48. Ne5+ Kd6 49. Nf3 Ne7 50. c8=Q Nxc8 51. Kxc8 Kc6 52. Kb8 a5 53. Ka7 Kb5
54. a3 a4 55. Kb7 Kc5 56. Ka6 b5 57. Ka5 Kc4 58. Kb6 b4 59. axb4 a3 60. b5 a2
61. Kc6 a1=Q 62. b6 Qf6+ 0-1

[Event "4NCL Rapid Indiv 2014"]
[Site "Daventry ENG"]
[Date "2014.10.05"]
[Round "4.3"]
[White "Haria, Ravi"]
[Black "Flear, Glenn C"]
[Result "1/2-1/2"]
[BlackTitle "GM"]
[WhiteElo "2239"]
[BlackElo "2462"]
[WhiteFideId "415820"]
[BlackFideId "400165"]
[EventDate "2014.10.05"]

1. Nf3 d5 2. g3 c5 3. Bg2 Nc6 4. d4 e6 5. O-O Bd7 6. c4 dxc4 7. Qc2 cxd4 8. Qxc4
Rc8 9. Nxd4 Nf6 10. Nc3 a6 11. Nxc6 Bxc6 12. Rd1 Qa5 13. Be3 Be7 14. Qb3 Bxg2
15. Kxg2 b5 16. Bd2 Qc7 17. Rac1 Qb7+ 18. Kg1 O-O 19. a4 b4 20. a5 Rfd8 21. Na2
Rxc1 22. Nxc1 Qb5 23. Nd3 Qxa5 24. Rc1 Qb5 25. Bxb4 Rxd3 26. exd3 Bxb4 27. Rc8+
Bf8 28. Qa3 Nd7 29. Ra8 g6 30. Qxa6 Qxb2 31. Qc6 Qb1+ 32. Kg2 Qxd3 33. Rd8 Ne5
34. Qa8 Nd7 35. Qc8 Qe4+ 36. Kg1 Qe1+ 37. Kg2 Qe4+ 38. Kg1 Qe1+ 39. Kg2 Qe4+ 40.
Kg1 Qe1+ 41. Kg2 Qe4+ 1/2-1/2

[Event "4NCL Rapid Indiv 2014"]
[Site "Daventry ENG"]
[Date "2014.10.05"]
[Round "4.4"]
[White "Girdlestone, Paul C"]
[Black "Stewart, Joseph J"]
[Result "1/2-1/2"]
[WhiteElo "2128"]
[BlackElo "2200"]
[WhiteFideId "408840"]
[BlackFideId "412333"]
[EventDate "2014.10.05"]

1. e4 c5 2. b3 Nc6 3. Bb2 e5 4. f4 d6 5. Bb5 exf4 6. Qf3 Qh4+ 7. g3 fxg3 8. hxg3
Qg4 9. Qe3 Bd7 10. Rh4 Qg6 11. Ne2 h5 12. Nf4 Qg5 13. Nc3 Nf6 14. Ncd5 O-O-O 15.
Nxf6 gxf6 16. O-O-O Rh6 17. Rdh1 Bg4 18. Nxh5 Qxe3 19. dxe3 Bxh5 20. Rxh5 Rxh5
21. Rxh5 Re8 22. Bxf6 Be7 23. Bc3 Rg8 24. Bxc6 bxc6 25. Rh7 Rxg3 26. Rxf7 Rxe3
27. Rxe7 Rxc3 28. Kd2 1/2-1/2

[Event "4NCL Rapid Indiv 2014"]
[Site "Daventry ENG"]
[Date "2014.10.05"]
[Round "4.5"]
[White "Rendle, Thomas E"]
[Black "Bhatia, Kanwal K"]
[Result "1-0"]
[WhiteTitle "IM"]
[BlackTitle "WFM"]
[WhiteElo "2383"]
[BlackElo "2036"]
[WhiteFideId "408760"]
[BlackFideId "407496"]
[EventDate "2014.10.05"]

1. e4 e5 2. Nf3 Nc6 3. Bb5 a6 4. Ba4 Nf6 5. O-O b5 6. Bb3 Bc5 7. a4 Rb8 8. d3 d6
9. Nbd2 Bb6 10. h3 Ne7 11. Re1 Ng6 12. Nf1 O-O 13. Ng3 Be6 14. c3 h6 15. d4 Qc8
16. Be3 c5 17. Bxe6 fxe6 18. dxe5 dxe5 19. axb5 axb5 20. c4 bxc4 21. Qc2 Nf4 22.
Nxe5 N6h5 23. Nxh5 Nxh5 24. Qxc4 Qe8 25. Rad1 Ba5 26. Re2 Rb4 27. Qxc5 Qa4 28.
Qc2 Qxc2 29. Rxc2 Rxe4 30. Nc6 Bb4 31. Nxb4 Rxb4 32. Bc5 Rc8 33. Bxb4 Rxc2 34.
Bc3 Nf6 35. Rd8+ Kf7 36. Rb8 Kg6 37. Rb6 Kf7 38. f3 g6 39. Rb7+ 1-0

[Event "4NCL Rapid Indiv 2014"]
[Site "Daventry ENG"]
[Date "2014.10.05"]
[Round "4.6"]
[White "Turner, Matthew J"]
[Black "Hall, John"]
[Result "1-0"]
[WhiteTitle "GM"]
[BlackTitle "FM"]
[WhiteElo "2482"]
[BlackElo "2264"]
[WhiteFideId "402893"]
[BlackFideId "401102"]
[EventDate "2014.10.05"]

1. c4 Nf6 2. g3 e5 3. Bg2 c6 4. d4 exd4 5. Qxd4 d5 6. Nf3 Be6 7. cxd5 cxd5 8.
O-O Nc6 9. Qa4 Bc5 10. Bg5 h6 11. Bxf6 Qxf6 12. Nc3 O-O 13. Qb5 Bb6 14. Na4 d4
15. Nxb6 axb6 16. Qxb6 Rfd8 17. Nd2 Bd5 18. Rfe1 Bxg2 19. Kxg2 Qg5 20. Nf3 Qd5
21. Rac1 d3 22. exd3 Rxa2 23. Qxb7 Rd6 24. Re4 Rf6 25. Rc3 Rxf3 26. Qxc6 Qxc6
27. Rxc6 Rxd3 28. Rc8+ Kh7 29. Rc7 Rxb2 30. Rxf7 Rd6 31. Ree7 Rg6 32. h4 h5 33.
Rf5 Kg8 34. Re8+ Kh7 35. Rxh5+ Rh6 36. Rxh6+ Kxh6 37. Rf8 Kg6 38. Kh3 Rb3 39. f4 1-0

[Event "4NCL Rapid Indiv 2014"]
[Site "Daventry ENG"]
[Date "2014.10.05"]
[Round "4.7"]
[White "Josse, Mark"]
[Black "Wadsworth, Matthew J"]
[Result "1/2-1/2"]
[WhiteElo "2174"]
[BlackElo "2135"]
[WhiteFideId "414476"]
[BlackFideId "415804"]
[EventDate "2014.10.05"]

1. d4 Nf6 2. c4 c5 3. d5 e6 4. Nc3 exd5 5. cxd5 d6 6. e4 g6 7. Nf3 Bg7 8. h3 O-O
9. Bg5 a6 10. a4 Nbd7 11. Bd3 Qc7 12. O-O Rb8 13. Re1 Re8 14. Rc1 Nh5 15. Qd2
Ne5 16. Nxe5 Bxe5 17. Be2 Ng7 18. Be3 f5 19. f4 Bf6 20. e5 dxe5 21. d6 Qf7 22.
Bxc5 Be6 23. fxe5 Bxe5 24. Bf3 Bg3 25. Red1 b6 26. Bf2 Bxf2+ 27. Qxf2 Bb3 28.
Bd5 Bxd5 29. Rxd5 Red8 30. Re1 Rd7 31. Qe3 Rc8 32. Red1 Rc6 33. Qd3 Qe6 34. Qxa6
Rdxd6 35. Rxd6 Rxd6 36. Qa8+ Qe8 37. Qxe8+ Nxe8 38. Rxd6 Nxd6 39. Nd5 Nc8 40.
Kf2 Kf7 41. Ke3 Ke6 42. Kd4 g5 43. b4 h5 44. a5 bxa5 45. bxa5 f4 46. a6 Kd6 47.
Nf6 g4 48. hxg4 hxg4 49. Nxg4 Kc6 50. Ke5 Kb6 51. Kxf4 Ne7 52. Ne5 Kxa6 53. g4
Kb6 54. Kg5 Kc7 55. Kf6 Kd6 56. Nf7+ Kd7 57. g5 Nd5+ 58. Kg7 Nf4 59. Ne5+ Ke6
60. Ng6 Kf5 61. Nxf4 Kxg5 1/2-1/2

[Event "4NCL Rapid Indiv 2014"]
[Site "Daventry ENG"]
[Date "2014.10.05"]
[Round "4.8"]
[White "Mason, Donald J"]
[Black "Poobalasingam, Peter S"]
[Result "1/2-1/2"]
[BlackTitle "FM"]
[WhiteElo "2143"]
[BlackElo "2239"]
[WhiteFideId "405116"]
[BlackFideId "410683"]
[EventDate "2014.10.05"]

1. e4 e5 2. f4 Nc6 3. Nf3 f5 4. d3 d6 5. Be2 Nf6 6. Nc3 Be7 7. O-O exf4 8. exf5
Bxf5 9. Bxf4 Qd7 10. d4 Nb4 11. Rc1 Nbd5 12. Qd2 Nxc3 13. bxc3 O-O 14. Bc4+ Kh8
15. Ng5 d5 16. Bd3 h6 17. Bxf5 Qxf5 18. Bd6 Qd7 19. Bxe7 Qxe7 20. Rce1 Qd6 21.
Ne6 Ne4 22. Rxf8+ Rxf8 23. Rxe4 dxe4 24. Nxf8 Qxf8 25. Qe3 Qf5 26. Qf2 Qd5 27.
Qf8+ Kh7 28. Qf4 c5 29. Qe3 cxd4 30. cxd4 Kg8 31. Kf2 Kf7 32. Qf4+ Kg8 33. Ke3
Qxa2 34. Qxe4 Qf7 35. d5 Kf8 36. d6 Qd7 37. Qf3+ Ke8 38. Qd5 Kd8 39. Kd3 Kc8 40.
Qg8+ Qd8 41. Qe6+ Qd7 42. Qg8+ Qd8 43. Qe6+ Kb8 44. Qe7 Kc8 45. Qe6+ Qd7 46.
Qg8+ Qd8 47. Qe6+ 1/2-1/2

[Event "4NCL Rapid Indiv 2014"]
[Site "Daventry ENG"]
[Date "2014.10.05"]
[Round "4.9"]
[White "Varnam, Liam D"]
[Black "Wall, Gavin"]
[Result "0-1"]
[BlackTitle "IM"]
[WhiteElo "2124"]
[BlackElo "2314"]
[WhiteFideId "410950"]
[BlackFideId "2501244"]
[EventDate "2014.10.05"]

1. c4 f5 2. g3 Nf6 3. Bg2 d6 4. Nc3 e5 5. d3 Be7 6. e4 c6 7. Nge2 O-O 8. O-O Na6
9. Rb1 fxe4 10. dxe4 Be6 11. b3 Qd7 12. Qd3 Nc5 13. Qc2 a5 14. a3 b5 15. cxb5
cxb5 16. b4 axb4 17. axb4 Na4 18. Nd5 Nxd5 19. exd5 Bg4 20. Bb2 Rac8 21. Qd3 Rc4
22. Be4 Rxb4 23. Ba3 Nc5 24. Bxh7+ Kh8 25. Bxb4 Nxd3 26. Bxd3 e4 27. Nf4 exd3
28. Ng6+ Kg8 29. Nxf8 Bxf8 30. f3 Bh3 31. Rf2 Qa7 32. g4 Be7 33. Bc3 Bh4 34. Be1
d2 0-1

[Event "4NCL Rapid Indiv 2014"]
[Site "Daventry ENG"]
[Date "2014.10.05"]
[Round "4.10"]
[White "Jackson, James P"]
[Black "Richmond, Peter"]
[Result "0-1"]
[WhiteTitle "FM"]
[WhiteElo "2336"]
[BlackElo "2154"]
[WhiteFideId "416860"]
[BlackFideId "1800175"]
[EventDate "2014.10.05"]

1. e4 c5 2. d4 cxd4 3. c3 e6 4. Nf3 a6 5. Bc4 b5 6. Bb3 Bb7 7. Qxd4 Nc6 8. Qe3
Qc7 9. O-O Na5 10. Bc2 Bc5 11. Qe2 Nc4 12. Nbd2 Nf6 13. Nxc4 bxc4 14. e5 Nd5 15.
Nd4 d6 16. f4 Nb4 17. Bb1 Nd3 18. b4 Nxc1 19. Rxc1 Bxd4+ 20. cxd4 Rc8 21. f5 O-O
22. f6 Qc6 23. Rc3 Qd5 24. Qg4 g6 25. Bc2 dxe5 26. Rd1 exd4 27. Rxd4 Qe5 28. Kf2
Rfd8 29. Rxd8+ Rxd8 30. Rxc4 Qxf6+ 31. Kg1 Rd2 32. Be4 Qa1+ 0-1

[Event "4NCL Rapid Indiv 2014"]
[Site "Daventry ENG"]
[Date "2014.10.05"]
[Round "4.11"]
[White "Snape, Ian L"]
[Black "Mossong, Hubert"]
[Result "0-1"]
[BlackTitle "FM"]
[WhiteElo "2172"]
[BlackElo "2094"]
[WhiteFideId "404489"]
[BlackFideId "4000030"]
[EventDate "2014.10.05"]

1. e4 c5 2. Nf3 Nc6 3. d4 cxd4 4. Nxd4 e5 5. Nb5 d6 6. N1c3 a6 7. Na3 Be6 8. Nc4
Rc8 9. Ne3 Nf6 10. Ned5 Bxd5 11. exd5 Nb8 12. Be2 Be7 13. O-O O-O 14. Be3 Nbd7
15. Bd3 Ne8 16. Qg4 g6 17. f4 f5 18. Qg3 e4 19. Be2 Bf6 20. Bf2 Ng7 21. Rac1 Qa5
22. Be1 Qb6+ 23. Kh1 Qxb2 24. Rb1 Qxc2 25. Rxb7 Bxc3 26. Rxd7 Qxe2 27. Qf2 Qxf2
28. Bxf2 Rfd8 29. Ra7 Ra8 30. Rc7 Rac8 31. Ra7 Nh5 32. Rxa6 Ra8 33. Rc6 Bg7 34.
Bb6 Rd7 35. Rc2 Nf6 36. Rd2 Ra6 37. Bd4 Ng4 38. Bxg7 Kxg7 39. h3 Nf6 40. Rc1 Kf7
41. Rc6 Ra5 42. g3 Rxd5 43. Rb2 Ra5 44. Rbb6 Ke7 45. Rb2 Ra3 46. Kg2 Nh5 47. Rb3
Rxa2+ 48. Kf1 Rda7 49. Rc1 Ra1 50. Rxa1 Rxa1+ 51. Kf2 Ra7 52. g4 Nf6 53. gxf5
gxf5 54. Rg3 Ke6 55. Rb3 Nd5 56. Kg3 Rg7+ 57. Kh4 Nxf4 58. Rb6 Nd5 59. Rb2 e3
60. Re2 f4 0-1

[Event "4NCL Rapid Indiv 2014"]
[Site "Daventry ENG"]
[Date "2014.10.05"]
[Round "5.1"]
[White "Smerdon, David"]
[Black "Ghasi, Ameet K"]
[Result "1-0"]
[WhiteTitle "GM"]
[BlackTitle "IM"]
[WhiteElo "2506"]
[BlackElo "2475"]
[WhiteFideId "3202305"]
[BlackFideId "409200"]
[EventDate "2014.10.05"]

1. e4 g6 2. d4 Bg7 3. Nc3 d6 4. Be3 c6 5. h4 h6 6. Qd2 b5 7. a4 b4 8. Nce2 Nf6
9. Ng3 a5 10. Be2 Qc7 11. Nh3 e5 12. dxe5 dxe5 13. Bc5 Bxh3 14. Rxh3 h5 15. Bd6
Qd8 16. Rd1 Nbd7 17. Qe3 Qb6 18. Qxb6 Nxb6 19. Bxe5 O-O 20. b3 Rfe8 21. Bd4 Nbd7
22. f3 Bh6 23. Nf1 Ne5 24. Be3 Bg7 25. Rh1 Rad8 26. Rxd8 Rxd8 27. Bb6 Ra8 28.
Nd2 Nfd7 29. Be3 c5 30. Kf2 Rc8 31. Nc4 Nxc4 32. Bxc4 Ne5 33. Ba6 Rd8 34. Ke2
Nc6 35. Bxc5 Nd4+ 36. Bxd4 Rxd4 37. Bd3 Kf8 38. f4 Ke7 39. Ke3 Rd8 40. g3 Bd4+
41. Ke2 f6 42. Bc4 Bc3 43. Bd5 Rc8 44. Rd1 Rd8 45. Rd3 Rd6 46. Ke3 Be1 47. e5
fxe5 48. fxe5 Rd8 49. Ke4 Bc3 50. Bc4 Rc8 51. Rd6 Rc5 52. Re6+ Kf8 53. Rf6+ Ke8
54. Rxg6 Rxe5+ 55. Kf4 Rc5 56. Ra6 Be5+ 57. Kf3 Bc7 58. g4 hxg4+ 59. Kxg4 Bd8
60. Rg6 Re5 61. h5 Re1 62. h6 Rg1+ 63. Kf5 Rh1 64. Rg8+ Kd7 65. Bb5+ Kc7 66.
Rg7+ Kb6 67. h7 Bc7 68. Ke6 Rh5 69. Bd3 Bf4 70. Bg6 Rh3 71. Rg8 Re3+ 72. Kf5 1-0

[Event "4NCL Rapid Indiv 2014"]
[Site "Daventry ENG"]
[Date "2014.10.05"]
[Round "5.2"]
[White "Stewart, Joseph J"]
[Black "Rendle, Thomas E"]
[Result "0-1"]
[BlackTitle "IM"]
[WhiteElo "2200"]
[BlackElo "2383"]
[WhiteFideId "412333"]
[BlackFideId "408760"]
[EventDate "2014.10.05"]

1. e4 c5 2. Nf3 Nc6 3. Nc3 e5 4. g3 g6 5. Bg2 Bg7 6. O-O Nge7 7. Ne1 O-O 8. d3
d6 9. f4 Nd4 10. Ne2 Rb8 11. c3 Nxe2+ 12. Qxe2 f5 13. Nf3 b6 14. Nh4 Be6 15.
exf5 gxf5 16. Nf3 Ng6 17. Ng5 Qf6 18. Qh5 h6 19. Nxe6 Qxe6 20. fxe5 Nxe5 21. Bh3
Ng4 22. Bf4 Rbe8 23. Bxg4 fxg4 24. Rf2 d5 25. Raf1 Qf5 26. Qxf5 Rxf5 27. Bd6
Rxf2 28. Rxf2 Re3 29. Rd2 Rf3 30. Bb8 a6 31. Bc7 b5 32. Bb6 b4 33. cxb4 cxb4 34.
Bc5 a5 35. b3 Bc3 36. Rd1 Rf6 37. Be3 Re6 38. Kf2 Ra6 39. Bd2 d4 40. Bf4 a4 41.
Rb1 Kh7 42. Kg2 Kg6 43. h4 gxh3+ 44. Kxh3 Re6 45. bxa4 Ra6 46. Bc7 Rxa4 47. Bd6
Rxa2 48. Bxb4 Rd2 49. Bc5 Rxd3 50. Rc1 Kf5 51. Bxd4 Bxd4 52. Rc2 Be5 53. Rf2+
Kg5 54. Rf1 Rxg3+ 55. Kh2 Rb3+ 56. Kg2 Bf4 57. Rf3 Rb4 58. Rf2 Kg4 59. Rc2 Rb3
60. Rc6 Rb2+ 61. Kh1 Kh3 62. Rc3+ Bg3 63. Rc1 Rh2+ 0-1

[Event "4NCL Rapid Indiv 2014"]
[Site "Daventry ENG"]
[Date "2014.10.05"]
[Round "5.3"]
[White "Pritchett, Craig W"]
[Black "Haria, Ravi"]
[Result "0-1"]
[WhiteTitle "IM"]
[WhiteElo "2315"]
[BlackElo "2239"]
[WhiteFideId "2400065"]
[BlackFideId "415820"]
[EventDate "2014.10.05"]

1. c4 e6 2. g3 d5 3. Bg2 Nf6 4. Nf3 Be7 5. O-O O-O 6. b3 a5 7. Nc3 d4 8. Nb5 Nc6
9. Bb2 e5 10. e3 Bc5 11. exd4 exd4 12. d3 Bg4 13. h3 Bh5 14. g4 Bg6 15. Nh4 a4
16. Ba3 Bxa3 17. Nxa3 Qd6 18. Nb5 Qd7 19. f4 axb3 20. f5 bxa2 21. Qd2 Ne5 22.
Rf4 c6 23. Nxd4 c5 24. Nb5 Nxd3 25. Rff1 Rfd8 26. Rxa2 Rxa2 27. Qxa2 Nb4 28. Qf2
Bh5 29. gxh5 b6 30. h6 gxh6 31. Kh1 Kh8 32. Rg1 Nd3 33. Qf3 Qe7 34. Qb7 Nf2+ 35.
Kh2 Qe5# 0-1

[Event "4NCL Rapid Indiv 2014"]
[Site "Daventry ENG"]
[Date "2014.10.05"]
[Round "5.4"]
[White "Flear, Glenn C"]
[Black "Roberson, Peter T"]
[Result "1-0"]
[WhiteTitle "GM"]
[BlackTitle "IM"]
[WhiteElo "2462"]
[BlackElo "2415"]
[WhiteFideId "400165"]
[BlackFideId "412384"]
[EventDate "2014.10.05"]

1. d4 e6 2. c4 Nf6 3. Nc3 c5 4. d5 exd5 5. cxd5 d6 6. Nf3 g6 7. Qa4+ Nbd7 8. e4
Bg7 9. Bf4 O-O 10. Be2 Nh5 11. Bg5 Bf6 12. Be3 a6 13. O-O Re8 14. Nd2 b5 15. Qc2
Ng7 16. a4 b4 17. Ncb1 a5 18. Nc4 Nb6 19. Nbd2 Nxc4 20. Bxc4 Be5 21. Bb5 Re7 22.
Nc4 f5 23. Bg5 Bd4 24. Rad1 fxe4 25. Bxe7 Qxe7 26. Nb6 Bh3 27. Nxa8 Qg5 28. Qxe4
Nf5 29. Rd3 Bg4 30. h3 1-0